000 00452nam a2200181 a 4500
005 20210219152933.0
008 991125n 000 0 fre u
035 _aUPN01000067690
100 _aCOUSINET, Roger
222 _aEDUCATION ET DEVELOPPMENT
245 _aLa classe de philisophie
300 _a3-17
362 _a1966 Année 3, no. 21 oct.
653 0 _aENSEÑANZA
653 0 _aFILOSOFIA
904 _aAC
_b005501
905 _aArticulo
999 _c64143
_d64143